[Event "Livingstone FIDE zt 4.3"]
[Site "Livingstone"]
[Date "2017.06.11"]
[Round "3"]
[White "Dimba, James"]
[Black "Simulundu, Judah"]
[Result "0-1"]
[WhiteElo "2086"]
[BlackElo "2159"]
[PlyCount "88"]
[EventDate "2017.06.10"]
[EventType "swiss"]
[EventRounds "9"]
[EventCountry "ZAM"]
[SourceTitle "EXT 2020"]
[Source "ChessBase"]
[SourceDate "2019.10.17"]
[SourceVersion "1"]
[SourceVersionDate "2019.10.17"]
[SourceQuality "1"]

1. e4 c5 2. Nf3 d6 3. d4 cxd4 4. Nxd4 Nf6 5. Nc3 a6 6. f3 e5 7. Nb3 Be6 8. Be3 Nbd7 9. Qd2 Be7 10. 0-0-0 b5 11. g4 b4 12. Nd5 Bxd5 13. exd5 Nb6 14. Bxb6 Qxb6 15. Kb1 0-0 16. g5 Nh5 17. Bh3 Nf4 18. Bf5 Bxg5 19. h4 Bh6 20. Qh2 a5 21. Nc1 a4 22. Ne2 a3 23. b3 Qe3 24. Nxf4 Bxf4 25. Rd3 Qxd3 26. Bxd3 Bxh2 27. Rxh2 f5 28. c3 e4 29. fxe4 fxe4 30. Bxe4 Rac8 31. c4 Rce8 32. Re2 g6 33. Kc2 Rf4 34. Kd3 Rxh4 35. c5 dxc5 36. d6 Rhxe4 37. Rxe4 Rxe4 38. Kxe4 Kf7 39. Kd5 Ke8 40. Kxc5 h5 41. Kxb4 h4 42. Kxa3 h3 43. b4 h2 44. b5 h1Q 0-1

[Event "ZAM-ch op"]
[Site "Lusaka"]
[Date "2017.03.30"]
[Round "4"]
[White "Chumfwa, Kelvin"]
[Black "Simulundu, Judah"]
[Result "1-0"]
[WhiteElo "2245"]
[BlackElo "2115"]
[PlyCount "72"]
[EventDate "2017.03.29"]
[EventType "swiss"]
[EventRounds "9"]
[EventCountry "ZAM"]
[SourceTitle "EXT 2018"]
[Source "ChessBase"]
[SourceDate "2017.10.13"]
[SourceVersion "1"]
[SourceVersionDate "2017.10.13"]
[SourceQuality "1"]

1. e4 c5 2. Nf3 d6 3. Bb5+ Nd7 4. c3 Ngf6 5. Qe2 a6 6. Ba4 e5 7. d3 Be7 8. 0-0 0-0 9. Nbd2 Qc7 10. Re1 b5 11. Bb3 Nb6 12. Nf1 Be6 13. Bc2 h6 14. Ng3 Nh7 15. h3 a5 16. d4 Rfc8 17. dxe5 dxe5 18. Nf5 Bf6 19. Nh2 Bxf5 20. exf5 c4 21. Ng4 Re8 22. Qf3 Rad8 23. Re4 b4 24. cxb4 axb4 25. a4 bxa3 26. Rxa3 Kh8 27. Be3 Ng5 28. Bxg5 Bxg5 29. f6 g6 30. h4 Bd2 31. Ra1 h5 32. Ne3 Qc5 33. g4 Bxe3 34. Rxe3 hxg4 35. Qxg4 Nd5 36. Qg5 Qf8 1-0